| 000 | 00456nam a2200169Ia 4500 | ||
|---|---|---|---|
| 003 | OSt | ||
| 005 | 20200724110534.0 | ||
| 008 | 190216s9999||||xx |||||||||||||| ||und|| | ||
| 040 | _coclc | ||
| 082 |
_a515.2 _bBAL/R |
||
| 100 |
_aBali, N P _93724 |
||
| 245 | 0 |
_aReal Analysis / _cN P Bali |
|
| 260 |
_bLaxmi Publication Ltd, _aNew Delhi: |
||
| 300 | _a808p | ||
| 650 | _aMathematics | ||
| 942 |
_cBK _2ddc _h515.2 _iBAL/R _k515.2 _mBAL/R |
||
| 999 |
_c31797 _d31797 |
||